00648nam a22001337a 450000500170000000800410001704100080005808000120006624501610007826400580023930000330029765301160033070000680044620240108160446.0240108s1967 ru ||||| |||| 00| 0 rus d arus a75 K-78 aКраснофигурные аттические вазы в Эрмитаже :bКаталог / cСоставитель А.А.Передольская. aЛ. : bСоветский художник,c1967. a403с. : bил. ; c26см. aწითელფიგურიანი სხვენის ვაზები ერმიტაჟში aПередольская, А.Аeშემდგენელი